01365 a2200289 45000010006000000050017000060080041000230030015000640400040000790800026001192450134001450200022002792640030003013000019003315050400003500410008007501000023007587000036007817000023008177000020008407000024008607000024008847000024009087000022009327000022009548560099009764505020260407155725.0260407a2011 arg spa dAR-UNSa-BCEJYS aAR-UNSa-BCEJYSbspacAR-UNSa-BCEJYS a677xIndustria Textil10aTrama productiva urbana y trabajo decentepestrategias para la cadena productiva textil de indumentaria en áreas metropolitanas a978-92-2-325304-2 1aBuenos Aires :bOITc2011 a188 p.c28 cm. a1. El análisis de una trama productiva con objetivos estratégicos. Aspectos introductorios – 2. El sector confeccionista textil argentino : su estado actual y su evolución en números – 3. La cadena textil de indumentaria en el nivel local – 4. El empleo en el sector textil de indumentaria – 5. Alternativas estratégicas para incrementar la competitividad de las MyPE textiles. aspa1 aBeccani, Guillermo1 aAndrés Matta, Cecilia Magnano1 aBentolila, Cecilia1 aDonadi, Luciano1 aFogliacco, Martín1 aMartinetti, Marcelo1 aOrchansky, Carolina1 aPerín, Hernán1 aSuárez, Gabriel41uhttps://www.biblioeco.unsa.edu.ar/pmb/images/libros/L127072.jpgyImagen de portadaqimage/jpeg